Normal view
MARC view
Entry Topical Term
001 - CONTROL NUMBER
- control field: 23825
003 - CONTROL NUMBER IDENTIFIER
- control field: dpl
005 - DATE AND TIME OF LATEST TRANSACTION
- control field: 20101023111644.0
008 - FIXED-LENGTH DATA ELEMENTS
- fixed length control field: 101023|||a|||||| | ||| d
040 ## - CATALOGING SOURCE
- Original cataloging agency: dpl
- Transcribing agency: dpl
150 ## - HEADING--TOPICAL TERM
- Topical term or geographic name as entry element: लधु कथाएँ, हिन्दी
670 ## - SOURCE DATA FOUND
- Source citation: Work cat.: (dpl)37368: शेक्सपियर की लोकप्रिय कहानियाँ /, 2010
670 ## - SOURCE DATA FOUND
- Source citation: Work cat.: (dpl)37368: शेक्सपियर की लोकप्रिय कहानियाँ /, 2010
